|
|
|
|
| LEADER |
02308nam a2200517 i 4500 |
| 001 |
EBC4749420 |
| 003 |
MiAaPQ |
| 005 |
20200520144314.0 |
| 006 |
m o d | |
| 007 |
cr cnu|||||||| |
| 008 |
190116s2015 vaua ob 000 0 eng d |
| 020 |
|
|
|z 9780939950966
|
| 020 |
|
|
|a 9781501502071
|q (electronic bk.)
|
| 035 |
|
|
|a (MiAaPQ)EBC4749420
|
| 035 |
|
|
|a (Au-PeEL)EBL4749420
|
| 035 |
|
|
|a (CaPaEBR)ebr11462769
|
| 035 |
|
|
|a (OCoLC)1011164751
|
| 040 |
|
|
|a MiAaPQ
|b eng
|e rda
|e pn
|c MiAaPQ
|d MiAaPQ
|
| 050 |
|
4 |
|a QE515
|b .P674 2015
|
| 082 |
0 |
|
|a 551.9
|2 23
|
| 245 |
0 |
0 |
|a Pore-scale geochemical processes /
|c editors, Carl I. Steefel, Lawrence Berkeley National Laboratory, U.S.A., Simon Emmanuel, The Hebrew University of Jerusalem, Israel, Lawrence M. Anovitz, Oak Ridge National Laboratory, U.S.A.
|
| 264 |
|
1 |
|a Chantilly, Virginia :
|b Mineralogical Society of America,
|c [2015]
|
| 264 |
|
4 |
|c 2015
|
| 300 |
|
|
|a 1 online resource (xiv, 481 pages) :
|b illustrations.
|
| 336 |
|
|
|a text
|b txt
|2 rdacontent
|
| 337 |
|
|
|a computer
|b c
|2 rdamedia
|
| 338 |
|
|
|a online resource
|b cr
|2 rdacarrier
|
| 490 |
1 |
|
|a Reviews in mineralogy and geochemistry ;
|v Volume 80
|
| 504 |
|
|
|a Includes bibliographical references.
|
| 588 |
|
|
|a Description based on print version record.
|
| 590 |
|
|
|a Electronic reproduction. Ann Arbor, MI : ProQuest, 2018. Available via World Wide Web. Access may be limited to ProQuest affiliated libraries.
|
| 650 |
|
0 |
|a Geochemistry.
|
| 650 |
|
0 |
|a Mineralogy.
|
| 650 |
|
0 |
|a Mineralogy
|x Mathematical models.
|
| 650 |
|
0 |
|a Geophysics
|x Mathematical models.
|
| 650 |
|
0 |
|a Transport theory.
|
| 650 |
|
0 |
|a Porous materials.
|
| 650 |
|
0 |
|a Porosity.
|
| 655 |
|
4 |
|a Electronic books.
|
| 700 |
1 |
|
|a Steefel, Carl I.,
|e editor.
|
| 700 |
1 |
|
|a Emmanuel, Simon,
|e editor.
|
| 700 |
1 |
|
|a Anovitz, Lawrence M.
|q (Lawrence Michael),
|e editor.
|
| 776 |
0 |
8 |
|i Print version:
|t Pore-scale geochemical processes.
|d Chantilly, Virginia : Mineralogical Society of America, c2015
|h xiv, 481 pages
|k Reviews in mineralogy and geochemistry ; Volume 80.
|z 9780939950966
|w (DLC) 2016304722
|
| 797 |
2 |
|
|a ProQuest (Firm)
|
| 830 |
|
0 |
|a Reviews in mineralogy and geochemistry ;
|v Volume 80.
|x 1529-6466
|
| 856 |
4 |
0 |
|u https://ebookcentral.proquest.com/lib/matrademy/detail.action?docID=4749420
|z Click to View
|